Statistics for Can you name every team that won their domestic league unbeaten?

Click here to take the quiz!

General Stats

  • This quiz has been taken 12 times
  • The average score is 27 of 187

Answer Stats

HintAnswer% Correct
EnglandArsenal
67%
Egypt (7)Al-Ahly
58%
SpainReal Madrid
58%
ItalyAC Milan
50%
Netherlands (2)Ajax
50%
ItalyJuventus
50%
PortugalBenfica
42%
Portugal (2)Porto
42%
Austria (2)Rapid Wien
42%
Scotland (2)Celtic
33%
Ukraine (2)Dynamo Kyiv
33%
HungaryFerencvaros
33%
Scotland (2)Rangers
33%
CyprusAPOEL FC
25%
Northern Ireland (2)Belfast Celtic
25%
East GermanyBerliner FC Dynamo
25%
TurkeyBesiktas
25%
BruneiDPMM FC
25%
LiberiaLISCR FC
25%
IsraelMaccabi Haifa
25%
Israel (2)Maccabi Tel-Aviv
25%
LaosMPWT FC
25%
Serbia | Serbia and Montenegro | YugoslaviaPartizan Belgrade
25%
Argentina (3)Racing Club
25%
SwitzerlandServette FC
25%
UkraineShakhtar Donetsk
25%
Czech RepublicSlavia Prague
25%
Czech Republic (2)Sparta Prague
25%
Malta (2)Valletta F.C.
25%
AustriaWiener Sport-Club
25%
SingaporeAlbirex Niigata Singapore
17%
Saudi ArabiaAl-Hilal
17%
QatarAl-Sadd
17%
Saudi ArabiaAl-Shabab
17%
SpainAthletic Bilbao
17%
Macau (2)Benfica de Macau
17%
ParaguayCerro Porteno
17%
BulgariaCSKA Sofia
17%
HungaryDebrecen
17%
CroatiaDinamo Zagreb
17%
GermanyDresdner SC
17%
VanuatuErakor Golden Star Football Club
17%
Tunisia (2)Esperance Sportive de Tunis
17%
TunisiaEtoile Sportive du Sahel
17%
MoldovaFC Sheriff Tiraspol
17%
Albania (2)FK Dinamo Tirana
17%
Albania (2)FK Partizani Tirana
17%
ItalyGenoa
17%
Northern IrelandGlentoran
17%
HungaryHonved
17%
BrazilInternacional
17%
Luxembourg (2)Jeunesse Esch
17%
AlbaniaKF Tirana
17%
BulgariaLevski Sofia
17%
SomaliaMogadishu Sporting Club
17%
Hungary (2)MTK
17%
UruguayNacional
17%
NepalNepal Police Club
17%
Honduras | Paraguay (3)Olimpia
17%
GreecePanathinaikos
17%
Uruguay (7)Penarol
17%
EnglandPreston North End
17%
Republic of Ireland (3)Shamrock Rovers
17%
CubaSports Club Villa
17%
LuxembourgStade Dudelange
17%
LuxembourgUnion Luxembourg
17%
MaldivesVB Sports Club
17%
TongaVeitongo Football Club
17%
LithuaniaZalgiris Vilnius
17%
EgyptZamalek
17%
BangladeshAbahani Limited Dhaka
8%
GhanaAccra Hearts of Oak
8%
Lebanon (3)Al-Ahed
8%
Lebanon (2)Al-Ansar
8%
KuwaitAl-Arabi
8%
Saudi ArabiaAl-Ettifaq
8%
Jordan (2)Al-Faisaly
8%
KygyzstanAlga Bishkek
8%
Sudan (2)Al-Hilal Omdurman
8%
LibyaAl-Ittihad Tripoli
8%
Iraq | SyriaAl-Jaish
8%
SyriaAl-Karamah
8%
SudanAl-Merrikh
8%
KuwaitAl-Qadsia
8%
SyriaAl-Shorta
8%
ArgentinaAlumni
8%
JordanAl-Wehdat
8%
Iraq (2)Al-Zawraa
8%
BahrainAl-Zidd
8%
CyprusAnorthosis Famagusta
8%
CyprusApollon Limassol
8%
ArmeniaArarat Yerevan
8%
SenegalASC Linguere
8%
Ivory Coast (2)ASEC Mimosas
8%
Burkina FasoASFA Yennenga
8%
Gabon (2)AS Mangasport
8%
Republic of the CongoAS Otoho
8%
French PolynesiaAssociation Sportive Tefana Football
8%
BurundiAtletico Olympic
8%
SingaporeBand & Drums
8%
WalesBarry Town
8%
UzbekistanBunyodkor
8%
Thailand (2)Buriram United
8%
CameroonCanon Yaounde
8%
El SalvadorC.D. Fas
8%
BotswanaCentre Chiefs
8%
CuracaoCentro Dominguito
8%
PhilippinesCeres-Negros
8%
Guinea-BissauCF Os Balantas
8%
MacauChao Pai Kei
8%
AngolaClub Deportivo 1 de Agosto
8%
ChinaDalian Wanda
8%
Oman (2)Dhofar
8%
RomaniaDinamo Bucaresti
8%
Sierra LeoneEast End Lions
8%
IranEsteghlal
8%
AndorraFC Santa Coloma
8%
Estonia (2)Flora
8%
MaltaFloriana
8%
YugoslaviaHadjuk Split
8%
ArgentinaIndepediente
8%
EgyptIsmaily
8%
Tajikistan (3)Istiklol
8%
MalaysiaJohor D.T.
8%
AzerbaijanKapaz
8%
UgandaKCCA
8%
Faroe IslandsKI Klaksvik
8%
Hong KongKitchee
8%
TurkmenistanKopetdag Asgabat
8%
MacauLam Pak
8%
New CaledoniaL'Association Sportive Magenta
8%
EstoniaLevadia
8%
Gibraltar (4)Lincoln Red Imps
8%
LiberiaLPRC Oilers
8%
SwedenMalmo FF
8%
EswatiniMbabane Highlanders
8%
Eswatini (2)Mbabane Swallows
8%
ThailandMuangthong United
8%
GuamNAPA Rovers
8%
New ZealandNapier City Rovers
8%
UzbekistanNeftchi Fergana
8%
Maldives (2)New Radiant
8%
EstoniaNomme Kalju
8%
EstoniaNorma
8%
CyprusOmonia Nicosia
8%
Uzbekistan (2)Pakhtakor
8%
GreecePAOK
8%
SingaporePerth Kangaroos
8%
Andorra (2)Principat
8%
ItalyPro Vircelli
8%
Armenia (2)Pyunik
8%
GuamQuality Distributors
8%
BelgiumRacing Club de Bruxelles
8%
TajikistanRavshan Kulob
8%
TajikistanRegar-TadAZ
8%
BahrainRiffa
8%
NorwayRosenborg BK
8%
EthiopiaSaint George
8%
IraqSalahaddin
8%
CubaSantiago de Cuba
8%
Antigua and BarbudaSAP
8%
Hong KongSeiko
8%
PalestineShabab Al-Khalil
8%
MyanmarShan United
8%
ArmeniaShirak
8%
North MacedoniaSileks
8%
TanzaniaSimba
8%
LatviaSkonto
8%
Hong Kong (2)South China
8%
Sao Tome and PrincipeSporting Praia Cruz
8%
Romania (3)Steaua Bucaresti
8%
IcelandStjarnan
8%
DR of the CongoTP Mazembe
8%
Belgium (3)Union Saint-Gilloise
8%
IcelandValur
8%
Macedonia (2)Vardar
8%
TajikistanVarzob Dushanbe
8%
HungaryVasas
8%
PakistanWAPDA
8%
PolandWidzew Lodz
8%
JapanYamaha Motors
8%
BhutanYeedzin
8%
TanzaniaYoung Africans
8%

Score Distribution

Percentile by Number Answered

Percent of People with Each Score

Your Score History

You have not taken this quiz